000
00183nam a22000857a 4500
001
1254508
005
20251117124537.0
245
_a
72.KOĞUŞ
_c
ORHAN KEMAL
260
_b
EVEREST YAYINLARI
999
_c
1254508
_d
1254508